000 00729nam a22002057a 4500
005 20240806125100.0
010 _aB-760117 CH-EN
020 _a9788129138897
_c140.00
035 _aB-760117
037 _bGift
_adpl
082 _aS
245 _aJunior Classics-5 :
_bGreat expectations, around the world in eight days, the jungle book, the merry adventures of Robin Hood /
260 _aNew Delhi
_bRed Turtle Rupa
_c2016
270 _a7/16, Ansari Road, Daryaganj
_bNew Delhi
_e110002
300 _a127p.
_c18cm(pbk)
490 _aJunor Clssics
_v20 Volumes
650 _a Children's literature.
_969570
942 _cCH
_2ddc
_mJUN
_hS
999 _c204876
_d204876